|
|
|
|
| LEADER |
00000nab a2200000ua 4500 |
| 001 |
vtls010842994 |
| 003 |
SK-MaSNL |
| 005 |
20260303103854.0 |
| 008 |
230121s1956 xo |||||||||||||||||cze| |
| 035 |
|
|
|a (urnnbn)urn:nbn:sk:snk:ar-a07035
|
| 035 |
|
|
|a urn:nbn:sk:snk-ab656n
|
| 035 |
|
|
|a (uuid)c2680c39-9c54-4a7b-9e7b-31ac3ee62a5c
|
| 040 |
|
|
|a SNKBUCL
|b slo
|c SNKBUCL
|e AACR2
|
| 041 |
0 |
|
|a cze
|
| 044 |
|
|
|a xo
|c SK
|
| 100 |
1 |
|
|a Förchtgott, Jiří
|4 aut
|9 1117673
|
| 245 |
1 |
0 |
|a ROZHLASOVÁ ZPRÁVA O POČASÍ
|c Jiří Förchtgott
|
| 773 |
0 |
|
|t Meteorologické zprávy
|g Roč. 9, č. 2 (1956), s. 48-52
|
| 954 |
|
|
|a odborná, vedecká literatúra cudzojazyčná (svetová)
|2 lita
|
| 958 |
|
|
|a OND
|
| 958 |
|
|
|a EUIPO
|
| 958 |
|
|
|a article5
|
| 999 |
|
|
|c 1852613
|d 1854543
|